000 00684nam a2200229 i 4500
001 bgj
100 1 _aMORGAN, Kenneth O.
245 1 0 _aThe People's Places :
_bBritish history since 1945 /
_cKenneth O. Morgan.
250 _a2nd edition.
260 _aOxford ;
_aNew York :
_bOxford University Press,
_c1999.
300 _aXII, 611, [8] pp :
_bphotos ;
_c20 cm.
504 _aBibliography p. 566-584.
505 _aIncludes index.
651 9 _aGreat Britain
_xHistory
_y1952-
651 9 _aGreat Britain
_xhistory
_y1936-1952
020 _a0192853503
040 _cBPK
041 0 _aeng
920 _a0-19-285350-3
942 _cKS
008 s uk f |000 0 eng
999 _c49268
_d49268